Pružné řešení ESA logistika pro společnost Wetra ČR

Firma Wetra, dodávateľ potrieb pre dieľňu a domácnosť, elektrického náradia a záhradnej techniky navyšuje podiel tovaru v e-shope. V spoločnosti ESA logistika našiel partnera pre online predaj s rastúcimi požiadavkami.

Salvato in:
Dettagli Bibliografici
Autore principale: Hubička, Filip
Natura: Capitolo di libro
Lingua:ceco
Soggetti:
Tags: Aggiungi Tag
Nessun Tag, puoi essere il primo ad aggiungerne!!

MARC

LEADER 00000naa a2200000 4500
001 0286638
005 20240417075209.7
041 0 |a cze 
044 |a CZ 
245 1 0 |a Pružné řešení ESA logistika pro společnost Wetra ČR  |c Filip Hubička 
520 |a Firma Wetra, dodávateľ potrieb pre dieľňu a domácnosť, elektrického náradia a záhradnej techniky navyšuje podiel tovaru v e-shope. V spoločnosti ESA logistika našiel partnera pre online predaj s rastúcimi požiadavkami. 
610 2 0 |a logistika 
610 2 0 |a sklady 
610 2 0 |a predaj zásielkový 
610 2 0 |a obchod elektronický 
610 2 0 |a služby 
610 2 0 |a služby elektronické 
610 2 0 |a služby logistické 
610 2 0 |a Česko 
100 1 |a Hubička, Filip